000
00336 a2200109 4500
001
ART_35109
005
20260410162005.0
008
260409a
245
1
0
_a
Capacidad jurídica de niñas, niños y adolescentes
100
1
_a
Olmo, Juan P.
773
0
_t
Temas de derecho civil
_g
- Año 1, Nº 3 (dic. 2015)
_w
REV34778
999
_c
31610
_d
31610